| 000 | 01241nam a2200325 4500 | ||
|---|---|---|---|
| 001 | 0000012544 | ||
| 003 | CO-CtgCURN | ||
| 005 | 20260410181910.0 | ||
| 007 | ta | ||
| 008 | 160627s1981 000 0 eng d | ||
| 020 | _a8434515164 | ||
| 040 |
_aCO-CtgCURN _bspa _ccoctgcurn |
||
| 082 | 0 |
_a611.9 _bG17 |
|
| 100 | 1 | _aGardner, Ernest. | |
| 245 | 1 | 0 |
_aAnatomía : _bestudio por regiones del cuerpo humano / _cErnest Gardner , Ronald J. Gray, Ronan ORahilly. |
| 250 | _a3a ed. | ||
| 260 |
_aMadrid : _bSalvat Editores, _c1981. |
||
| 300 | _a938 p. | ||
| 336 | _2rdacontent | ||
| 337 |
_2rdamedia _asin mediacion _bn |
||
| 338 |
_2rdacarrier _avolumen _bnc |
||
| 500 | _aIncluye indice Alfabetico de Materia. | ||
| 505 | 8 | _aSistema nervioso.--Torax.--Corazon.--Dorso.--Cabeza.--Cuello.--Pelvis.--Abdomen.--Faringe.--Laringe.--Oido.--Ojo.--Nariz.--Pleura.--Pulmones.--Miembro superior.--Miembro inferior.--Pierna.--Tobillo.--Esqueleto.--Visceras.--Articulaciones.--Mano.--Rodilla | |
| 590 | _aAnatomía (Odontología) | ||
| 650 | 1 | 4 | _aAnatomía clinica. |
| 700 | 1 | _aGray, Donald J. Orahilly, Ronan. | |
| 908 | _a160627 | ||
| 942 |
_cBK _h611.9 _iG17 _2ddc |
||
| 999 |
_c21639 _d21639 |
||